000 00723cam a2200265 4500
001 2779578
003 ARRUPE
005 20160211083752.0
008 720725s1955 fr 000 0 fre
010 _a 55030135 /L
035 _a(OCoLC)ocm00364189
035 _a(NNC)2779578
040 _aDLC
_cCSU
_dSER
_dZCU
050 0 _aHX266
_b.W38 1955
099 _a335.5
_aW429
100 1 _aWeil, Simone,
_d1909-1943.
_92765
245 1 0 _aOppression et liberté.
_cby Weil, Simone,
260 _aParis,
_bGallimard
_c[1955]
300 _a273 p.;
_c23 cm.
490 1 _aCollection Espoir
650 0 _aSocialism.
_919902
_xAddresses
830 0 _aCollection Espoir.
_922215
942 _2lcc
_cMONOGRAPH
999 _c124144
_d124144